| 000 | 00625nam a22002177a 4500 | ||
|---|---|---|---|
| 003 | OSt | ||
| 005 | 20140310183011.0 | ||
| 008 | 130211t xxu||||| |||| 00| 0 eng d | ||
| 020 | _a9715740138 | ||
| 050 |
_aLC 45.8.P6 _b.C34 1999 |
||
| 100 | _aCabag, Ramon C. | ||
| 245 |
_aNonformal education : _ba handbook for teacher education students, NFE administrators, and extension program implementors _cRamon C. Cabag. |
||
| 260 |
_aQuezon City : _bKatha Pub., _c1999. |
||
| 300 |
_a394 p. : _c25 cm. |
||
| 521 | _aEDU | ||
| 562 | _e3 | ||
| 942 |
_2lcc _cBK _kLOC |
||
| 999 |
_c18241 _d18241 |
||